Auto parts and accessories in Kenya.
| Corporate Author: | |
|---|---|
| Format: | Book |
| Published: |
Nairobi:
MATRADE Nairobi,
2003.
|
| Subjects: |
| LEADER | 00534cam a2200157 7i4500 | ||
|---|---|---|---|
| 001 | 0000014677 | ||
| 005 | 20041023090000.0 | ||
| 090 | 0 | 0 | |a KENA 629.252 |b MAL |
| 110 | 2 | 0 | |a Malaysia External Trade Development Orporation (MATRADE) |
| 245 | 1 | 0 | |a Auto parts and accessories in Kenya. |
| 260 | 0 | 0 | |a Nairobi: |b MATRADE Nairobi, |c 2003. |
| 300 | # | # | |a [n.p]. |
| 650 | 0 | 0 | |a Automobile industry and trade -- |x Marketing -- |z Kenya |
| 650 | 0 | 0 | |a Automobiles -- |x Parts -- |z Kenya |
| 651 | 0 | 0 | |a Kenya |
| 999 | |a 0000015386 |b Book |c Countries |e Business Information Centre | ||